[Event "Avoine op 18th"]
[Site "Avoine"]
[Date "2003.07.25"]
[Round "7"]
[White "Tihonov, Jurij"]
[Black "Garnier, Gilles"]
[Result "1-0"]
[WhiteElo "2382"]
[BlackElo "2146"]
[PlyCount "33"]
[EventDate "2003.07.19"]
[EventType "swiss"]
[EventRounds "9"]
[EventCountry "FRA"]
[SourceTitle "CBM 095 Extra"]
[Source "ChessBase"]
[SourceDate "2003.09.04"]
[SourceVersion "1"]
[SourceVersionDate "2003.09.04"]
[SourceQuality "1"]

1. d4 d5 2. c4 Nc6 3. cxd5 Qxd5 4. e3 e5 5. Nc3 Bb4 6. Bd2 Bxc3 7. Bxc3 e4 8. Ne2 Nf6 9. Nf4 Qf5 10. Bc4 g5 11. Nh5 Nxh5 12. Qxh5 Bd7 13. h4 Rg8 14. hxg5 0-0-0 15. Qxh7 Rh8 16. Qxf5 Rxh1+ 17. Ke2 1-0

[Event "Lyon LOE op"]
[Site "Lyon"]
[Date "2002.05.11"]
[Round "7"]
[White "Taunay, Jean Christophe"]
[Black "Garnier, Gilles"]
[Result "1/2-1/2"]
[WhiteElo "2073"]
[BlackElo "1900"]
[PlyCount "69"]
[EventDate "2002.05.??"]
[EventType "swiss"]
[EventRounds "9"]
[EventCountry "FRA"]
[SourceTitle "EXT 2004"]
[Source "ChessBase"]
[SourceDate "2003.11.25"]
[SourceVersion "1"]
[SourceVersionDate "2003.11.25"]
[SourceQuality "1"]

1. b3 e5 2. Bb2 Nc6 3. g3 d6 4. Bg2 f5 5. e3 Nf6 6. Ne2 g6 7. f4 Bg7 8. d3 Qe7 9. Qd2 0-0 10. c4 Re8 11. Bxc6 bxc6 12. fxe5 dxe5 13. Nbc3 Bh6 14. 0-0 Bb7 15. Rae1 Rad8 16. Bc1 c5 17. Qc2 Qd6 18. e4 Bxc1 19. Nxc1 fxe4 20. dxe4 Qd4+ 21. Kh1 Kg7 22. Nd5 Nxd5 23. cxd5 Rxd5 24. Rd1 Qxe4+ 25. Qxe4 Rxd1 26. Qxb7 Rxf1+ 27. Kg2 Rxc1 28. Qxc7+ Kh6 29. Qxa7 Rd8 30. Kh3 Rc2 31. Qe7 Rdd2 32. Qxe5 Rxh2+ 33. Kg4 Rcf2 34. Qe3+ Kg7 35. Qe7+ 1/2-1/2

[Event "Lyon LOE op"]
[Site "Lyon"]
[Date "2002.05.10"]
[Round "5"]
[White "Dubreuil, Julien"]
[Black "Garnier, Gilles"]
[Result "1/2-1/2"]
[WhiteElo "2129"]
[BlackElo "1900"]
[PlyCount "101"]
[EventDate "2002.05.??"]
[EventType "swiss"]
[EventRounds "9"]
[EventCountry "FRA"]
[SourceTitle "EXT 2004"]
[Source "ChessBase"]
[SourceDate "2003.11.25"]
[SourceVersion "1"]
[SourceVersionDate "2003.11.25"]
[SourceQuality "1"]

1. d4 d5 2. Nf3 Nc6 3. Bf4 Bg4 4. e3 e6 5. Be2 Bd6 6. Bg3 Bxg3 7. hxg3 Nf6 8. Nbd2 0-0 9. Ne5 Bxe2 10. Qxe2 Qd6 11. Nxc6 Qxc6 12. Nf3 Qd6 13. Ne5 c5 14. c3 cxd4 15. exd4 b5 16. Qxb5 Rab8 17. Qe2 Nd7 18. Nxd7 Qxd7 19. 0-0 Qb5 20. Qxb5 Rxb5 21. b3 Rc8 22. Rfc1 Kf8 23. Rc2 Ke7 24. Kf1 Kd6 25. Ke2 a5 26. c4 Rb4 27. Kd3 a4 28. c5+ Kc6 29. bxa4 Rcb8 30. Rh1 h6 31. Rc3 Rxa4 32. Rb3 Rxb3+ 33. axb3 Ra2 34. Rf1 f6 35. Re1 e5 36. Re2 Ra1 37. dxe5 fxe5 38. Rxe5 Kxc5 39. Re7 g5 40. Re6 Ra2 41. Rxh6 Rxf2 42. Rg6 Rf5 43. g4 Re5 44. Rg8 Kc6 45. Rg7 Kc5 46. Rg6 Kb5 47. Rg8 Kc6 48. Kc3 Re3+ 49. Kc2 Re5 50. Kd3 Kc5 51. Rg6 1/2-1/2